000 00483nam a2200157 i 4500
001 22033
003 ES-MaACL
005 20230906152608.0
007 t|
008 021129s1970 sp ||||1| spa d
100 1 _aAlfaro Segovia, Enrique.
_919820
245 1 0 _aCurso de teoría de circuitos y electrometría /
_cpor Enrique Alfaro Segovia.
260 _aMadrid :
_b[s.n.,
_c1970] (
_fNuevas Gráficas)
300 _a862 p. :
_bil. ;
_c24 cm.
852 _aES-MaACL
_jC-37970
_bR.75302
999 _c22033
_d22033